000 00831nas a2200265 4500
001 BR2012005261
003 BR-BrBNA
005 20231205120847.0
007 ta
008 230509b bl.|||p| |||| 00| 00por d
040 _aBR-BrBNA
_bpor
_cBiblioteca Nacional de Agricultura
041 _a(Pt)
072 _aP10; P33
100 1 _aRodrigues, F.M.
100 1 _aPissara, T.C.T.
100 1 _aCampos, S.
245 1 _aCondições hidrológicas de uma bacia hidrográfica com diferentes usos do solo na região de Taquaritinga, SP
650 _aHIDROLOGIA
650 _aMICROBACIA
650 _aPROPRIEDADE FÍSICO-QUÍMICA
650 _aUSO DA TERRA
773 0 _tIrriga (Brazil)
_xISSN 1808-3765
_g(Apr-Jun 2009), v. 14(2) p. 158-169
_wBR2012005261
909 _a202311
_bLúcia
_c55
_dLúcia Elande
942 _2AGRIS
_n0
_cANA
999 _c220684
_d220684